|
|
|
|
| LEADER |
00000cam a2200000 7i4500 |
| 001 |
0000008784 |
| 002 |
000009579 |
| 005 |
20000330.0 |
| 020 |
|
|
|a 9679693465
|
| 090 |
0 |
0 |
|a 641.52
|b ZAK
|
| 100 |
0 |
|
|a Zakiah Hanum
|
| 245 |
1 |
4 |
|a The Great Malaysian breakfast
|c Zakiah Hanum
|
| 260 |
|
|
|a Kuala Lumpur :
|b Berita Publishing ,
|c 1995
|
| 300 |
|
|
|a 140 p. :
|b ill. ;
|c 27 cm.
|
| 650 |
0 |
0 |
|a Breakfast
|
| 650 |
0 |
0 |
|a Cookery, Malays
|
| 999 |
|
|
|a 00069450
|b BUKU
|c PINJAMAN
|e PERPUSTAKAAN KOMUNITI PETALING JAYA
|
| 999 |
|
|
|a 047717
|b BUKU
|c PINJAMAN
|e PERPUSTAKAAN KOMUNITI PETALING JAYA
|
| 999 |
|
|
|a 047718
|b BUKU
|c PINJAMAN
|e PERPUSTAKAAN KOMUNITI PETALING JAYA
|
| 999 |
|
|
|a 056428
|b BUKU
|c PINJAMAN
|e PERPUSTAKAAN KOMUNITI CAW KOTA DAMANSARA
|
| 999 |
|
|
|a 056429
|b BUKU
|c PINJAMAN
|e PERPUSTAKAAN KOMUNITI PETALING JAYA
|
| 999 |
|
|
|a 063650
|b BUKU
|c PINJAMAN
|e PERPUSTAKAAN KOMUNITI PETALING JAYA
|
| 999 |
|
|
|a 067969
|b BUKU
|c PINJAMAN
|e PERPUSTAKAAN KOMUNITI PETALING JAYA
|
| 999 |
|
|
|a 067971
|b BUKU
|c PINJAMAN
|e PERPUSTAKAAN KOMUNITI PETALING JAYA
|